书目信息 |
| 题名: |
高频电子线路
|
|
| 作者: | 曾兴雯 主编 | |
| 分册: | ||
| 出版信息: | 北京 高等教育出版社 2004 |
|
| 页数: | 420页 | |
| 开本: | 23cm | |
| 丛书名: | ||
| 单 册: | ||
| 中图分类: | TN710.2 | |
| 科图分类: | ||
| 主题词: | 高频--电子电路--高等教育--教材 , 高频 , 电子电路 | |
| 电子资源: | ||
| ISBN: | 7-04-013040-8 | |
| 000 | 00947nam0 2200277 450 | |
| 000 | 00974nam0 2200277 450 | |
| 000 | 00904nam0 2200253 450 | |
| 000 | 00868nam0 2200241 45 | |
| 005 | 20070515162630.06 | |
| 010 | @a7-04-013040-8@dCNY31.40 | |
| 100 | @a20070308e20062004em y0chiy0120 ea | |
| 101 | 0 | @achi |
| 102 | @aCN@b110000 | |
| 105 | @aa z 000yy | |
| 200 | 1 | @a高频电子线路@Agao pin dian zi xian lu@f曾兴雯主编 |
| 210 | @a北京@c高等教育出版社@d2004@h2006 | |
| 215 | @a420页@c折图@d23cm | |
| 300 | @a普通高等教育“十五”国家级规划教材 | |
| 330 | @a绪论、高频电路基础、高频谐振放大器、正弦波振荡器、频谱的线性搬移电路、振幅调制、解调与混调、角度调制与解调、反馈控制电路、高频电路新技术和典型整机线路介绍等。 | |
| 606 | 0 | @a高频@x电子电路@x高等教育@j教材 |
| 606 | 0 | @a高频 |
| 606 | 0 | @a电子电路 |
| 690 | @aTN710.2@v4 | |
| 701 | 0 | @a曾兴雯@Azeng xing wen@4主编 |
| 801 | 0 | @aCN@bTAOJIN@c20070515 |
| 905 | @a10447@dTN710.2@e222 | |
| 高频电子线路/曾兴雯主编.-北京:高等教育出版社,2004(2006) |
| 420页:折图;23cm |
| 普通高等教育“十五”国家级规划教材 |
| ISBN 7-04-013040-8:CNY31.40 |
| 绪论、高频电路基础、高频谐振放大器、正弦波振荡器、频谱的线性搬移电路、振幅调制、解调与混调、角度调制与解调、反馈控制电路、高频电路新技术和典型整机线路介绍等。 |
| ● |
| 相关链接 |
|
|
|
|
正题名:高频电子线路
索取号:TN710.2/222
 
预约/预借
| 序号 | 登录号 | 条形码 | 馆藏地/架位号 | 状态 | 备注 |
| 1 | 0520469 | 205204697 | 第二样本阅览室/ [索取号:TN710.2/222] | 在馆 | |
| 2 | 0520470 | 205204704 | 第三借阅区/ [索取号:TN710.2/222] | 在馆 | |
| 3 | 0520471 | 205204713 | 第三借阅区/ [索取号:TN710.2/222] | 在馆 | |
| 4 | 0520472 | 205204722 | 第三借阅区/ [索取号:TN710.2/222] | 在馆 | |
| 5 | 0520473 | 205204731 | 第三借阅区/ [索取号:TN710.2/222] | 在馆 | |
| 6 | 0520474 | 205204740 | 第三借阅区/ [索取号:TN710.2/222] | 在馆 | |
| 7 | 0520475 | 205204759 | 第三借阅区/ [索取号:TN710.2/222] | 在馆 | |
| 8 | 0520476 | 205204768 | 第三借阅区/ [索取号:TN710.2/222] | 在馆 |